00293nam a2200121Ia 4500008004100000041000800041082001400049100001400063245002300077260003100100300003100131365000900162240624s9999 xx 000 0 und d aeng a153.9 HUN aHUNT EARL aHUMAN INTELLIGENCE c2011aNew DelhibCambridge axiv, : 507 : p. : cm. ; 25 cb28